000 00509pab a2200181 454500
008 180718b2009 xxu||||| |||| 00| 0 eng d
100 _aRamotra, K.C.
245 _aGrowth and distribution of tribal population in Dhule-Nandurbar districts of Maharashtra: a geographical analysis
260 _c2009
300 _ap.15-24.
362 _aMar
650 _aTribes - India - Maharashtra
650 _aTribes
700 _aMote, Y.S.
773 _aTribal Research Bulletin
908 _aN
909 _a84864
999 _c84864
_d84864